LEADER 01207nam 2200385 450 001 990000706450203316 010 $a0-387-94579-2 035 $a0070645 035 $aUSA010070645 035 $a(ALEPH)000070645USA01 035 $a0070645 100 $a20011023d1996----km-y0itay0103----ba 101 $aeng 102 $aUS 105 $a||||||||001yy 200 1 $aDiscrete-time Markov control processes$ebasic optimality criteria$fOnésimo Hernandez-Lerma, Jean Bernard Lasserre 210 $aNew York$cSpringer$dc1996 215 $aXIV, 216 p.$d24 cm 225 2 $aApplications of mathematics$v30 410 $12001$aApplications of mathematics$v30 606 0 $aProcessi di Markov 606 0 $aSistemi discreti 676 $a003.830115 700 1$aHERNANDEZ-LERMA,$bOnésimo$0350131 701 1$aLASSERRE,$bJean Bernard$058641 801 0$aIT$bsalbc$gISBD 912 $a990000706450203316 951 $a003.830115 HER$b10645 NG$c003.830115 959 $aBK 969 $aTEC 979 $aPATTY$b90$c20011023$lUSA01$h2226 979 $c20020403$lUSA01$h1719 979 $aPATRY$b90$c20040406$lUSA01$h1649 996 $aDiscrete-time Markov control processes$9961472 997 $aUNISA LEADER 01054nam a22002651i 4500 001 991001745449707536 005 20031207142259.0 008 040407s1969 it |||||||||||||||||ita 035 $ab12817168-39ule_inst 035 $aARCHE-079679$9ExL 040 $aDip.to Scienze Storiche$bita$cA.t.i. Arché s.c.r.l. Pandora Sicilia s.r.l. 082 04$a944 100 1 $aChateaubriand, François Auguste René :$cde$0442772 245 10$aNapoleone /$cFrançois-René de Chateaubriand ; con un saggio di Giovanni Macchia: Il mito di Chateaubriand 260 $aFirenze :$bSansoni,$c[1969] 300 $aXXII, 478 p. ;$c25 cm 500 $aDa: Memoires d'outre-tombe. Libri XIX-XXIV 600 04$aNapoleone$c 700 1 $aMacchia, Giovanni 907 $a.b12817168$b02-04-14$c16-04-04 912 $a991001745449707536 945 $aLE009 STOR.56-22$g1$i2009000210028$lle009$o-$pE0.00$q-$rl$s- $t0$u0$v0$w0$x0$y.i13366658$z16-04-04 996 $aNapoleone$9299397 997 $aUNISALENTO 998 $ale009$b16-04-04$cm$da $e-$fita$git $h0$i1 LEADER 05242nam 2201393 450 001 9910787069703321 005 20210625003322.0 010 $a0-691-14306-4 010 $a1-4008-3360-4 010 $a1-4008-5230-7 024 7 $a10.1515/9781400852307 035 $a(CKB)3710000000229943 035 $a(EBL)1708171 035 $a(OCoLC)890441533 035 $a(SSID)ssj0001385146 035 $a(PQKBManifestationID)11797005 035 $a(PQKBTitleCode)TC0001385146 035 $a(PQKBWorkID)11328866 035 $a(PQKB)11353064 035 $a(StDuBDS)EDZ0001755737 035 $a(OCoLC)933516685 035 $a(MdBmJHUP)muse38075 035 $a(DE-B1597)448058 035 $a(OCoLC)944086201 035 $a(OCoLC)979881939 035 $a(DE-B1597)9781400852307 035 $a(Au-PeEL)EBL1708171 035 $a(CaPaEBR)ebr10928378 035 $a(CaONFJC)MIL642345 035 $a(MiAaPQ)EBC1708171 035 $a(PPN)185860729 035 $a(EXLCZ)993710000000229943 100 $a20140921h20142014 uy 0 101 0 $aeng 135 $aurnn#---|u||u 181 $ctxt 182 $cc 183 $acr 200 10$a1989 $ethe struggle to create post-Cold War Europe /$fMary Elise Sarotte 205 $aUpdated edition with a New and Revised New Afterword 210 1$aPrinceton, New Jersey ;$aOxford, [England] :$cPrinceton University Press,$d2014. 210 4$d©2014 215 $a1 online resource (xvi, 349 pages) 225 1 $aPrinceton Studies in International History and Politics 300 $aDescription based upon print version of record. 311 0 $a1-322-11094-8 311 0 $a0-691-16371-5 320 $aIncludes bibliographical references and index. 327 $tFront matter --$tCONTENTS --$tList of Illustrations --$tPreface: A Brief Note on Scholarship and Sources --$tAbbreviations --$tINTRODUCTION. Creating Post-Cold War Europe: 1989 and the Architecture of Order --$tCHAPTER 1. What Changes in Summer and Autumn 1989? --$tCHAPTER 2. Restoring Four-Power Rights, Reviving a Confederation in 1989 --$tCHAPTER 3. Heroic Aspirations in 1990 --$tCHAPTER 4. Prefab Prevails --$tCHAPTER 5. Securing Building Permits --$tCONCLUSION. The Legacy of 1989 and 1990 --$tAFTERWORD TO THE NEW EDITION. Revisiting 1989-1990 and the Origins of NATO Expansion --$tAcknowledgments --$tNotes --$tBibliography --$tIndex 330 $a1989 explores the momentous events following the fall of the Berlin Wall and the effects they have had on our world ever since. Based on documents, interviews, and television broadcasts from Washington, London, Paris, Bonn, Berlin, Warsaw, Moscow, and a dozen other locations, 1989 describes how Germany unified, NATO expansion began, and Russia got left on the periphery of the new Europe. This updated edition contains a new afterword with the most recent evidence on the 1990 origins of NATO's post-Cold War expansion. 410 0$aPrinceton studies in international history and politics. 606 $aWorld politics$y1989- 607 $aEurope$xHistory$y1989- 607 $aEurope$xPolitics and government$y1989- 610 $a1989. 610 $aAllied Control Commission. 610 $aBerlin Wall. 610 $aBerlin wall. 610 $aBerlin. 610 $aBush administration. 610 $aCold War. 610 $aEast German dissident movements. 610 $aEast Germany. 610 $aEuropean Community. 610 $aEuropean home. 610 $aFour Powers. 610 $aGerman states. 610 $aGerman unification. 610 $aGorbachev. 610 $aHans-Dietrich Genscher. 610 $aHelmut Kohl. 610 $aJames A. Baker III. 610 $aMikhail Gorbachev. 610 $aNATO expansion. 610 $aNATO reform. 610 $aNATO. 610 $aUSSR. 610 $aWest German Basic Law. 610 $aWestern standards. 610 $aarchitecture. 610 $ablueprints. 610 $abuilding permits. 610 $aconfederationism. 610 $adomestic institutions. 610 $afour-power control. 610 $aheroic model. 610 $aideas. 610 $ainstitutional-transfer model. 610 $ainternational economic institutions. 610 $ainternational institutions. 610 $ainternational military institutions. 610 $amodels. 610 $amultinationalism. 610 $anew Europe. 610 $anondemocratic regimes. 610 $aold order. 610 $apost-Cold War Europe. 610 $apost-Cold War. 610 $apower. 610 $aprefab model. 610 $aprefabricated institutions. 610 $aproperty pluralism. 610 $arestoration model. 610 $arevivalist model. 610 $asocialism. 610 $astate leaders. 610 $astate sovereignty. 610 $atransatlantic architecture. 615 0$aWorld politics 676 $a940.559 700 $aSarotte$b M. E.$0476020 701 $aSarotte$b Mary Elise$0476020 801 0$bMiAaPQ 801 1$bMiAaPQ 801 2$bMiAaPQ 906 $aBOOK 912 $a9910787069703321 996 $a1989$9242735 997 $aUNINA